SURVEYING INSTRUMENTS AND TECHNOLOGY (Record no. 4550)

MARC details
000 -LEADER
fixed length control field 00509nam a22001817a 4500
008 - FIXED-LENGTH DATA ELEMENTS--GENERAL INFORMATION
fixed length control field 260219b |||||||| |||| 00| 0 eng d
020 ## - INTERNATIONAL STANDARD BOOK NUMBER
ISBN 9780367877408
100 ## - MAIN ENTRY--AUTHOR
Author LEVIN, EUGENE
245 ## - TITLE STATEMENT
Title SURVEYING INSTRUMENTS AND TECHNOLOGY
250 ## - EDITION STATEMENT
Edition statement 9th
260 ## - PUBLICATION, DISTRIBUTION, ETC. (IMPRINT)
Place of publication BOCA RATON
Name of publisher CRC PRESS
Date of publication 2017
300 ## - COLLATION
Pagination XVI, 236p.
Other physical details illus
650 ## - TRACINGS
Main Subject SURVEYING
Subdivision (1st) GEOSPATIAL DATA
Subdivision (2nd) GEODESY
700 ## - ADDITIONAL AUTHOR
Additional Author 2. NADOLINETS, LEONID 3. AKHMEDOU, DAULET
942 ## - ADDED ENTRY ELEMENTS (KOHA)
Item type Books
050 ## - LIBRARY OF CONGRESS CALL NUMBER
Classification number TA562.N33
Item number .L48
Holdings
Source of classification or shelving scheme Not for loan Permanent location Current location Date acquired Accession No. Full call number Barcode. Koha item type
Library of Congress Classification   Samuel Ogbemudia Main Library, University of Abuja Samuel Ogbemudia Main Library, University of Abuja 02/19/2026 2025/69048-67 TA562.N33 .L48 2026-0039 Books